| 000 | 00637cam a2200205 i 4500 | ||
|---|---|---|---|
| 001 | sa 67000618 | ||
| 003 | DLC | ||
| 005 | 20260227112316.0 | ||
| 008 | 841105s1964 ii 000 0 hino | ||
| 010 | _asa 67000618 | ||
| 040 |
_aDLC _cDLC _dDLC |
||
| 050 | 0 | 0 |
_aPK2098.T7 _bL5 1964 |
| 100 | 1 |
_aTripāṭhī, Sūryakānta, _d1896-1961. |
|
| 245 | 1 | 0 |
_aLilī : _bkahānī saṅgraha / _clekhaka Sūryakānta Tripāṭhī "Nirālā". |
| 260 |
_aLakhanau : _bGaṅgā Pustakamālā Kāryālaya, _c[1964] |
||
| 300 |
_a145 p. ; _c19 cm. |
||
| 440 | 0 |
_aGaṅgā-pustakamālā ; _vpushpa 133 |
|
| 500 | _aShort stories. | ||
| 500 | _aIn Hindi. | ||
| 999 |
_c72090 _d72090 |
||